000 00532nam a2200181 a 4500
005 20140311163004.0
008 030917s19uu xx 00 eng d
020 _a0826453368
050 _aG 155.A1
_b.T727 2002
245 _aTourism Marketing :
_bQuality and service management perspectives /
_cEdited by Eric Laws.
260 _aLondon :
_bContinuum,
_c2002.
300 _axiv,242 p. :
_bill. ;
_c24 cm.
500 _aIncludes Index
521 _aTOU
650 _aTourism
_xMarketing
942 _cBK
_2lcc
_kFOR
999 _c39277
_d39277